000 00641nam a2200265Ia 4500
005 20260121173323.0
008 008 260114s9999 xx 000 0 eng d
020 _a9783030984113
037 _aEBOOK
040 _aCRL
040 _beng
040 _cCRL
041 _2eng
041 _aeng
084 _qCRL
100 _aFriederike Range, Sarah Marshall-Pescini
_91099395
245 0 _aWolves and Dogs
260 _bSpringer
260 _bSpringer
260 _c2022
856 _uhttps://link.springer.com/openurl?genre=book&isbn=978-3-030-98411-3
942 _cEBOOK
999 _c1665139
_d1665139